000 00435nam a2200169 i 4500
001 bg
100 1 _aBELSKIJ, E. I.
245 0 _aNovye materialy v technike /
_cE.N. Bel'skij, A.M. Dimitrowič, E.B. Lożečnikov.
260 _aMinsk,
_c1971.
700 _aDIMITROVIC, A. M.
700 _aLOŻECNIKOV, E. B.
040 _cBPK
041 _apol
080 _a620.1
942 _cKS
008 s pl f |000 0 pol
999 _c25456
_d25456